000 00672nam a22002057a 4500
005 20130422163957.0
008 130417b xxu||||| |||| 00| 0 eng d
010 _aENG-106890
020 _a9789350590799
_c985.00
035 _aEN-90423
037 _bDBAD/PUB
040 _aDPL
_bEng
082 _a158.1
100 _aMehrotra, Ravi Kumar
245 _aWhat's in it for you? :
_cby Ravi Kumar Mehrotra
_bten lessons from life which helped me succeed /
260 _aGurgaon
_bMacmillan Publishers
_c2012
270 _a3A, 5th Floor, DLF Corporate Park
_bGurgaon
_e122002
300 _a192p. :
_c22cm(Hb)
_bCOL. PHOTOS
942 _2ddc
_cEN
_h158.1
_mMEH
999 _c74692
_d74692